000 00713cab a2200253 4500
001 X476
008 090401t1993 xxu||||| |||| 00| 0 eng d
035 _a(Sirsi) u65857
041 _aeng
245 _aRICS predicts end to fall in property values
260 _c1993
350 _a0
490 _aChartered Quantity Surveyor
_v15(7) March 1993, 4(1)
650 _aCAPITAL VALUES
650 _aCOMMERCIAL PROPERTY PRICES
650 _aFORECASTS
650 _aIPD MONTHLY INDEX
650 _aLBS / RICS COMMERCIAL PROPERTY MODEL
650 _aLONDON BUSINESS SCHOOL
650 _aRICS / LBS COMMERCIAL PROPERTY MODEL
690 _aPROPERTY-COMMERCIAL PROPERTY
942 _n0
948 _c04/03/1997
999 _c41126
_d41126